[Event "Amber 2001 (Aktiv)"]
[Site "Monaco"]
[Date "2001.03.24"]
[Round "13"]
[White "Ljubojevic, Ljubomir"]
[Black "Van Wely, Loek"]
[Result "0-1"]
[WhiteElo "2566"]
[BlackElo "2700"]
[EventDate "2001.03.24"]

1. d4 Nf6 2. Nf3 d5 3. c4 e6 4. Nc3 dxc4 5. e3 a6 6. Bxc4 b5 7. Bd3 Bb7
8. a3 c5 9. dxc5 Bxc5 10. b4 Bd6 11. Bb2 O-O 12. O-O h6 13. h3 Qe7
14. Qe2 Nbd7 15. Rfd1 Rac8 16. Rac1 Rfd8 17. Nb1 Rxc1 18. Rxc1 Bxf3
19. Qxf3 Ne5 20. Bxe5 Bxe5 21. Bf1 Qd7 22. Be2 Rc8 23. Rd1 Qe7 24. Bd3 g5
25. Qe2 Kg7 26. g3 Qc7 27. Kg2 Qc6 28. Qf3 Qb6 29. Qe2 h5 30. Kg1 g4
31. hxg4 hxg4 32. Be4 Rc4 33. Bd3 Rc8 34. Be4 Qc7 35. Bg2 Qc4 36. Qxc4 bxc4
37. Rc1 c3 38. Rc2 Rd8 39. Bf1 Ne4 40. Be2 f5 41. Kg2 Rd6 42. Rc1 Kf6
43. Bd1 Rxd1 44. Rxd1 c2 45. Rc1 cxb1=Q 46. Rxb1 Nc3 47. Rh1 Kg7 48. Rc1 Kf7
49. Rh1 Kg7 50. Rc1 Kf7 51. f3 gxf3 52. Kxf3 Ke7 53. Rh1 Nd5 54. Rh4 Kd6
55. Rc4 Bb2 56. a4 Ba3 57. b5 axb5 58. axb5 Bc5 59. e4 fxe4 60. Kxe4 Nc7
61. Rxc5 Kxc5 62. Ke5 Kxb5 63. g4 Kc6 64. Kf6 Kd7 65. g5 Ne8 66. Kf7 e5 0-1

[Event "Amber 2001 (Aktiv)"]
[Site "Monaco"]
[Date "2001.03.24"]
[Round "13"]
[White "Ivanchuk, Vassily"]
[Black "Topalov, Veselin"]
[Result "1/2-1/2"]
[WhiteElo "2717"]
[BlackElo "2718"]
[EventDate "2001.03.24"]

1. d4 Nf6 2. c4 e6 3. Nc3 Bb4 4. Qc2 d5 5. a3 Bxc3 6. Qxc3 Ne4 7. Qc2 c5
8. dxc5 Nc6 9. cxd5 exd5 10. Nf3 O-O 11. b4 Bf5 12. Bb2 Re8 13. Rd1 b6
14. e3 bxc5 15. Bb5 Qb6 16. Qa4 Rac8 17. Rxd5 Be6 18. Bxc6 Qxc6 19. Qxc6 Rxc6
20. Re5 Bd7 21. bxc5 Rxc5 22. Rxc5 Nxc5 23. O-O Nd3 24. Bd4 a6 25. Rb1 f6
26. Ba7 Bb5 27. Nd4 Rc8 28. g4 Rc3 29. Ra1 Bd7 30. h3 h5 31. gxh5 Bxh3
32. Kh2 Bd7 33. Kg3 Be8 34. h6 gxh6 35. Nf5 Bd7 36. Ne7 Kf7 37. Nd5 Rc2
38. f3 Bc6 1/2-1/2

[Event "Amber 2001 (Aktiv)"]
[Site "Monaco"]
[Date "2001.03.24"]
[Round "13"]
[White "Karpov, Anatoly"]
[Black "Shirov, Alexei"]
[Result "1/2-1/2"]
[WhiteElo "2679"]
[BlackElo "2718"]
[EventDate "2001.03.24"]

1. d4 d5 2. c4 c6 3. Nf3 Nf6 4. e3 Bf5 5. Nc3 e6 6. Nh4 Be4 7. f3 Bg6
8. Nxg6 hxg6 9. g3 Bd6 10. Kf2 Nbd7 11. Bd2 O-O 12. c5 Bc7 13. f4 b6
14. b4 bxc5 15. bxc5 Ba5 16. Bd3 Bxc3 17. Bxc3 Ne4 18. Bxe4 dxe4 19. Qa4 Qc8
20. Rab1 Nf6 21. h3 Nd5 22. Bd2 g5 23. fxg5 e5 24. Kg2 Qf5 25. Rhf1 Qxg5
26. dxe5 Qxe5 27. Qxc6 Rad8 28. Qb5 Nc3 29. Qb2 Rxd2 30. Qxd2 Nxb1
31. Rxb1 Qxc5 32. Rb7 Rc8 33. g4 a5 34. Rd7 Qc2 35. Kg3 Qc5 36. Rd8 Rxd8
37. Qxd8 Kh7 38. Kf4 f6 39. Qd4 Qc7 40. Kxe4 Qc2 41. Kf3 Qxa2 42. Qe4 Kg8
43. h4 Qh2 44. Qe8 Kh7 45. Qh5 Kg8 46. Qd5 Kh8 1/2-1/2

[Event "Amber 2001 (Blind)"]
[Site "Monaco"]
[Date "2001.03.24"]
[Round "14"]
[White "Piket, Jeroen"]
[Black "Leko, Peter"]
[Result "1-0"]
[WhiteElo "2632"]
[BlackElo "2745"]
[EventDate "2001.03.24"]

1. d4 Nf6 2. c4 g6 3. Nc3 d5 4. Bf4 Bg7 5. e3 c5 6. dxc5 Qa5 7. Rc1 dxc4
8. Bxc4 O-O 9. Ne2 Qxc5 10. Qb3 Qa5 11. O-O Nbd7 12. a3 Nb6 13. Bc7 Qc5
14. Na4 Nxa4 15. Qxa4 Qg5 16. Ng3 Ne8 17. Bf4 Qf6 18. Ne4 Qb6 19. b4 Bf5
20. Nc5 Nd6 21. Bd5 Bb2 22. Rcd1 Rad8 23. Qb3 Bg7 24. Bxd6 Rxd6 25. Bxb7 Rfd8
26. Be4 Bc8 27. h3 h5 28. Bf3 Kf8 29. Rxd6 Rxd6 30. Rc1 Rd8 31. a4 Be5
32. a5 Qb5 33. Qc4 Qb8 34. Rd1 Bf5 35. g4 hxg4 36. hxg4 Rxd1 37. Bxd1 Bc8
38. Bb3 e6 39. Bd1 Qc7 40. Bf3 Ke7 41. Kg2 Bd6 42. Qd4 Be5 43. Qd3 Bd7
44. Qa6 Bd6 45. Nxd7 Kxd7 46. b5 Bc5 47. b6 axb6 48. Qb5 Ke7 49. a6 Qa7
50. Bb7 Bd6 51. Qg5 f6 52. Qxg6 Be5 53. Qg7 Kd6 54. f4 Bb2 55. Qf8 Kd7
56. Qc8 Kd6 57. Qc6 Ke7 58. Qc7 1-0

[Event "Amber 2001 (Blind)"]
[Site "Monaco"]
[Date "2001.03.24"]
[Round "14"]
[White "Topalov, Veselin"]
[Black "Ivanchuk, Vassily"]
[Result "1/2-1/2"]
[WhiteElo "2718"]
[BlackElo "2717"]
[EventDate "2001.03.24"]

1. e4 e5 2. Nf3 Nc6 3. Bb5 a6 4. Ba4 Nf6 5. O-O Be7 6. Re1 b5 7. Bb3 d6
8. c3 O-O 9. h3 Re8 10. d4 Bb7 11. Ng5 Rf8 12. Nf3 Re8 13. Nbd2 Bf8
14. d5 Nb8 15. Nf1 Nbd7 16. N3h2 Nc5 17. Bc2 c6 18. b4 Ncd7 19. dxc6 Bxc6
20. Bg5 h6 21. Bxf6 Nxf6 22. Ng4 Nxg4 23. Qxg4 Rc8 24. Bb3 Bd7 25. Qf3 Be6
26. Rac1 Be7 27. Rc2 a5 28. Qd3 Bxb3 29. axb3 axb4 30. Ne3 bxc3 31. Rxc3 Rxc3
32. Qxc3 Bg5 33. Nd5 Qd7 34. Qd3 Qc6 35. g3 Ra8 36. Kg2 Kf8 37. h4 Bd8
38. Qd2 Qb7 39. Qe2 Qc6 40. Qd2 Qb7 41. Qe2 Qc6 42. Qd2 1/2-1/2

[Event "Amber 2001 (Aktiv)"]
[Site "Monaco"]
[Date "2001.03.25"]
[Round "15"]
[White "Shirov, Alexei"]
[Black "Gelfand, Boris"]
[Result "1/2-1/2"]
[WhiteElo "2718"]
[BlackElo "2712"]
[EventDate "2001.03.25"]

1. e4 c5 2. Nf3 d6 3. d4 cxd4 4. Nxd4 Nf6 5. Nc3 a6 6. Be3 e5 7. Nb3 Be6
8. Qd2 Nbd7 9. f3 b5 10. a4 b4 11. Nd5 Bxd5 12. exd5 Nb6 13. Bxb6 Qxb6
14. a5 Qb7 15. Bc4 g6 16. Ra4 Rb8 17. Nc1 h5 18. Na2 Bh6 19. Qe2 O-O
20. Nxb4 e4 21. O-O exf3 22. Qxf3 Ng4 23. Nc6 Qxb2 24. Nxb8 Qxb8 25. Bd3 Qe8
26. Re4 Qd8 27. Qg3 Qxa5 28. Qxd6 Be3 29. Kh1 Nf2 30. Rxf2 Bxf2 31. Qxa6 Qxd5
32. Qf6 Bc5 1/2-1/2

[Event "Amber 2001 (Aktiv)"]
[Site "Monaco"]
[Date "2001.03.25"]
[Round "15"]
[White "Van Wely, Loek"]
[Black "Anand, Viswanathan"]
[Result "1/2-1/2"]
[WhiteElo "2700"]
[BlackElo "2790"]
[EventDate "2001.03.25"]

1. d4 Nf6 2. c4 e6 3. Nf3 b6 4. a3 Bb7 5. Nc3 d5 6. Bg5 Be7 7. Qa4 Bc6
8. Qb3 dxc4 9. Qxc4 O-O 10. Bxf6 Bxf6 11. e4 a6 12. Rd1 b5 13. Qa2 Bb7
14. e5 Bg5 15. Bd3 Bxf3 16. gxf3 c5 17. Be4 Ra7 18. dxc5 Qc7 19. b4 Bf4
20. Qc2 h6 21. h4 Nd7 22. Ne2 Bxe5 23. Qd2 Bf6 24. f4 Rd8 25. Qe3 Be7
26. O-O Bxh4 27. Nd4 Re8 28. Nc6 Raa8 29. Rd6 Nf6 30. Bf3 Nd5 31. Bxd5 exd5
32. Qd3 Be7 33. Nxe7 Qxe7 34. Qxd5 Qe2 35. Qg2 Qc4 36. Rxh6 1/2-1/2

[Event "Amber 2001 (Aktiv)"]
[Site "Monaco"]
[Date "2001.03.25"]
[Round "15"]
[White "Almasi, Zoltan"]
[Black "Leko, Peter"]
[Result "1-0"]
[WhiteElo "2640"]
[BlackElo "2745"]
[EventDate "2001.03.25"]

1. e4 c6 2. d4 d5 3. Nc3 dxe4 4. Nxe4 Nd7 5. Ng5 Ngf6 6. Bd3 e6 7. N1f3 Bd6
8. Qe2 h6 9. Ne4 Nxe4 10. Qxe4 Qc7 11. O-O b6 12. Qg4 g5 13. Qh3 Rg8
14. Nd2 Bb7 15. a4 g4 16. Qh4 Be7 17. Qh5 Nf6 18. Qe5 Qxe5 19. dxe5 Nd5
20. Ne4 h5 21. c3 O-O-O 22. Be2 h4 23. a5 c5 24. axb6 axb6 25. f3 g3
26. Rd1 f5 27. exf6 Nxf6 28. Rxd8 Rxd8 29. Bg5 gxh2 30. Kxh2 Nd5 31. Bc4 Bxg5
32. Nxg5 Rg8 33. Nxe6 Ne3 34. Bf1 Rg6 35. Nf4 Rf6 36. Nh3 Rd6 37. Re1 Nd1
38. Re8 Kc7 39. Bb5 Bc6 40. Bxc6 Kxc6 41. Re2 Kb5 42. Nf2 Kc4 43. f4 b5
44. Nxd1 Rxd1 45. Rf2 Kd5 46. f5 Ke5 47. f6 Rd8 48. f7 Rf8 49. Kh3 Ke6
50. Kxh4 Ke7 51. Kg5 1-0

[Event "Amber 2001 (Aktiv)"]
[Site "Monaco"]
[Date "2001.03.25"]
[Round "15"]
[White "Piket, Jeroen"]
[Black "Ljubojevic, Ljubomir"]
[Result "1-0"]
[WhiteElo "2632"]
[BlackElo "2566"]
[EventDate "2001.03.25"]

1. d4 Nf6 2. c4 e6 3. Nf3 b6 4. g3 Ba6 5. b3 Bb4 6. Bd2 Be7 7. Bg2 c6
8. O-O d5 9. Qc2 O-O 10. Rd1 Qc8 11. Bf4 c5 12. dxc5 Bxc5 13. Nc3 Nc6
14. cxd5 exd5 15. a3 d4 16. b4 dxc3 17. bxc5 Re8 18. e3 bxc5 19. Qxc3 Be2
20. Rdc1 Ne4 21. Qc2 Qa6 22. Ne1 f5 23. f3 Nf6 24. Qxc5 Rac8 25. Qxf5 Na5
26. Rxc8 Rxc8 27. Bh3 Re8 28. Rb1 Nc4 29. Rb8 Rxb8 30. Qe6 Qxe6 31. Bxe6 Kf8
32. Bxb8 Nxe3 33. Bxa7 Ned5 34. Bc5 Ke8 35. Kf2 Bb5 36. Bd4 g6 37. Bxf6 Nxf6
38. Nc2 Ke7 39. Nd4 Be8 40. Bb3 Kd6 41. Ke3 Bd7 42. h4 h6 43. Bc2 Nd5
44. Kd2 Ke5 45. Ne2 g5 46. hxg5 hxg5 47. Nc3 Ne7 48. Ke3 Be6 49. a4 Nc6
50. Be4 Na5 51. Bd3 Bd7 52. Bb5 Bf5 53. Na2 Kd5 54. Nb4 Kc5 55. Nd3 Kd5
56. Nf2 Ke5 57. Nd3 Kd5 58. Nb2 Bg6 59. Nd1 Bf5 60. Kd2 Kd4 61. Ne3 Nb3
62. Ke2 Nc1 63. Kf2 Nd3 64. Bxd3 Bxd3 65. Ng4 Bc2 66. a5 Bd3 67. Nf6 Bc4
68. Nh7 g4 69. f4 Ke4 70. Nf6 Kf5 71. Nd7 Ke6 72. Ne5 Ba6 73. Nxg4 Kd5
74. Ke3 Kc5 75. f5 Kb5 76. Kd4 Kxa5 77. Ke5 Kb4 78. f6 Bc4 79. Nh6 Kc3
80. f7 1-0

[Event "Amber 2001 (Blind)"]
[Site "Monaco"]
[Date "2001.03.25"]
[Round "16"]
[White "Ivanchuk, Vassily"]
[Black "Kramnik, Vladimir"]
[Result "1/2-1/2"]
[WhiteElo "2717"]
[BlackElo "2772"]
[EventDate "2001.03.25"]

1. d4 Nf6 2. c4 e6 3. Nf3 d5 4. Nc3 Be7 5. Bg5 h6 6. Bxf6 Bxf6 7. e3 O-O
8. Qb3 c6 9. Rd1 Nd7 10. Bd3 g6 11. O-O Bg7 12. Rfe1 a6 13. a4 f5 14. cxd5 cxd5
15. Rc1 g5 16. Qa3 Nb8 17. b4 Qd6 18. Qb2 Nc6 19. b5 Nb4 20. Bf1 a5
21. Nb1 Bd7 22. Nbd2 Rfc8 23. Ne5 Be8 24. Be2 Qd8 25. Nd3 1/2-1/2

[Event "Amber 2001 (Blind)"]
[Site "Monaco"]
[Date "2001.03.25"]
[Round "16"]
[White "Karpov, Anatoly"]
[Black "Topalov, Veselin"]
[Result "0-1"]
[WhiteElo "2679"]
[BlackElo "2718"]
[EventDate "2001.03.25"]

1. Nf3 c5 2. c4 g6 3. d4 Bg7 4. e4 d6 5. Be2 Nc6 6. d5 Nd4 7. Nxd4 cxd4
8. O-O Qb6 9. Qb3 Nf6 10. Nd2 O-O 11. Rd1 Nd7 12. Qxb6 axb6 13. Nb3 Nc5
14. Nxc5 bxc5 15. Bd3 Bd7 16. Bg5 Bf6 17. Bxf6 exf6 18. Rdb1 b6 19. a3 Rfb8
20. b4 Kf8 21. f4 Rc8 22. bxc5 bxc5 23. Rb7 Ke8 24. Kf2 Kd8 25. Ke2 Rcb8
26. Rxb8 Rxb8 27. Bc2 Rb2 28. Kd1 d3 29. Bxd3 Rxg2 30. Rb1 Kc7 31. h4 Rg4
32. Kd2 Rxf4 33. a4 Rxh4 34. a5 Rh2 35. Kc3 Ra2 36. Rf1 Rxa5 37. Rxf6 Be8
38. e5 dxe5 39. Be4 h5 40. Kb3 Ra1 41. d6 Kd7 42. Bd5 h4 43. Bxf7 Bxf7
44. Rxf7 Kxd6 45. Rf6 Ke7 46. Rxg6 h3 47. Rh6 Rh1 0-1

[Event "Amber 2001 (Blind)"]
[Site "Monaco"]
[Date "2001.03.25"]
[Round "16"]
[White "Leko, Peter"]
[Black "Almasi, Zoltan"]
[Result "1-0"]
[WhiteElo "2745"]
[BlackElo "2640"]
[EventDate "2001.03.25"]

1. c4 e5 2. g3 Nc6 3. Bg2 g6 4. Nc3 Bg7 5. e3 h5 6. h3 d6 7. Nge2 Nh6
8. d4 exd4 9. exd4 Nf5 10. d5 Ncd4 11. Ne4 Nxe2 12. Qxe2 Nd4 13. Qd3 Bf5
14. Be3 Bxe4 15. Bxe4 Qf6 16. Kf1 Nf3 17. Qe2 Nd4 18. Bxd4 Qxd4 19. Bxg6 Qe5
20. Re1 Qxe2 21. Rxe2 Kf8 22. Bf5 h4 23. g4 Re8 24. Rxe8 Kxe8 25. Ke2 Kd8
26. Kd3 Re8 27. f4 Bxb2 28. g5 Bg7 29. Rb1 b6 30. Rg1 Rh8 31. a4 a5
32. Rg2 Ke7 33. Ke4 Re8 34. Kf3 Kd8 35. Kg4 Re3 36. Kxh4 Ra3 37. Bc2 Rc3
38. Kg4 Rxc4 39. h4 b5 40. axb5 a4 41. h5 Be5 42. Rf2 Ke7 43. Kf5 Bd4
44. Re2 Kf8 45. Re4 a3 46. Bb3 Rb4 47. Ba2 Bc5 48. Rxb4 Bxb4 49. Kg4 Bd2
50. Bb1 Kg7 51. Kf3 Bc1 52. Ke4 Kf8 53. Kf5 Be3 54. g6 Bd4 55. Kg5 fxg6
56. hxg6 Bg7 57. Ba2 Ke7 58. Kf5 Bc3 59. Bb1 Bb2 60. Ke4 Kf6 61. f5 Ke7
62. Kd3 Bf6 63. Kc4 Be5 64. Kb4 Bb2 65. Ka4 Kf6 66. Kb3 Ke7 67. Kb4 Kf6
68. Ka5 Bd4 69. Ka6 Kg7 70. Kb7 Bb6 71. Kc6 Kf6 72. Kd7 Ba5 73. g7 Kxg7
74. Ke7 Bc3 75. Ba2 Bd4 76. f6 Bxf6 77. Kd7 Bd4 78. Kxc7 Bc5 79. b6 Kf6
80. b7 Ba7 81. b8=Q Bxb8 82. Kxb8 1-0

[Event "Amber 2001 (Blind)"]
[Site "Monaco"]
[Date "2001.03.25"]
[Round "16"]
[White "Ljubojevic, Ljubomir"]
[Black "Piket, Jeroen"]
[Result "1/2-1/2"]
[WhiteElo "2566"]
[BlackElo "2632"]
[EventDate "2001.03.25"]

1. d4 Nf6 2. c4 e6 3. Nf3 d5 4. Nc3 Nbd7 5. cxd5 exd5 6. Bf4 c6 7. h3 Bb4
8. Qb3 a5 9. a3 Bxc3 10. Qxc3 O-O 11. e3 Ne4 12. Qc2 a4 13. Bd3 Qa5
14. Kf1 Re8 15. g4 Nf8 16. Kg2 Ng6 17. Bh2 Qd8 18. Qe2 h5 19. gxh5 Nh4
20. Nxh4 Qg5 21. Kf1 Qxh4 22. Bf4 Bg4 23. Qc2 Bf3 24. Rh2 Qxh5 25. h4 c5
26. dxc5 Rac8 27. Be2 1/2-1/2

[Event "Amber 2001 (Aktiv)"]
[Site "Monaco"]
[Date "2001.03.27"]
[Round "17"]
[White "Leko, Peter"]
[Black "Shirov, Alexei"]
[Result "1/2-1/2"]
[WhiteElo "2745"]
[BlackElo "2718"]
[EventDate "2001.03.27"]

1. e4 c5 2. Nf3 d6 3. d4 cxd4 4. Nxd4 Nf6 5. Nc3 a6 6. Bg5 e6 7. f4 Nbd7
8. Qf3 Qc7 9. O-O-O b5 10. a3 Bb7 11. g4 Be7 12. Bxf6 Nxf6 13. g5 Nd7
14. Bh3 Nc5 15. Rhg1 g6 16. Kb1 Qb6 17. Qe3 b4 18. axb4 Qxb4 19. f5 Rb8
20. Na2 Qc4 21. fxe6 fxe6 22. Qc3 Qxc3 23. Nxc3 Bc8 24. e5 dxe5 25. Nc6 Rb6
26. Nxe5 O-O 27. Nd3 Rf3 28. Bg4 Nxd3 29. Rxd3 Rxd3 30. cxd3 Bxg5
31. Bxe6 Rxe6 32. Rxg5 Re1 33. Kc2 Bf5 34. Kd2 Re6 35. Nd5 Kf7 36. Ne3 Kf6
37. Rg1 Rd6 38. Nxf5 Kxf5 39. Ke3 g5 40. d4 h5 41. h3 Rb6 42. Rf1 Ke6
43. Ke4 Rxb2 44. d5 Ke7 45. Rf5 Rb3 1/2-1/2

[Event "Amber 2001 (Aktiv)"]
[Site "Monaco"]
[Date "2001.03.27"]
[Round "17"]
[White "Ivanchuk, Vassily"]
[Black "Van Wely, Loek"]
[Result "1-0"]
[WhiteElo "2717"]
[BlackElo "2700"]
[EventDate "2001.03.27"]

1. d4 Nf6 2. c4 g6 3. g3 Bg7 4. Bg2 d5 5. cxd5 Nxd5 6. e4 Nb4 7. d5 c6
8. a3 Qa5 9. Nc3 cxd5 10. Be3 N4c6 11. exd5 Ne5 12. Bd4 Bf5 13. Bxe5 Bxe5
14. Ne2 O-O 15. O-O Qb6 16. Na4 Qd6 17. Re1 Na6 18. Nd4 Bd7 19. Nc3 Bg7
20. Qd2 Nc5 21. Rad1 Rac8 22. Qe3 Rfe8 23. Nc6 Bxc3 24. Qxc3 a6 25. Qe3 Bg4
26. Rd4 bxc6 27. dxc6 Qe6 28. Qc3 Qf5 29. Rf4 Qh5 30. Re5 Bf5 31. Bf3 Na4
32. Rxa4 Qh6 33. c7 f6 34. Rxf5 gxf5 35. Bb7 Qh5 36. Rd4 e5 37. Rd7 f4
38. Bxc8 Rxc8 39. Rd8 Kg7 40. Rxc8 Qd1 41. Kg2 e4 42. gxf4 Qg4 43. Qg3 1-0

[Event "Amber 2001 (Blind)"]
[Site "Monaco"]
[Date "2001.03.27"]
[Round "18"]
[White "Van Wely, Loek"]
[Black "Ivanchuk, Vassily"]
[Result "1-0"]
[WhiteElo "2700"]
[BlackElo "2717"]
[EventDate "2001.03.27"]

1. d4 Nf6 2. c4 e6 3. Nf3 b6 4. a3 Ba6 5. Qc2 c5 6. d5 exd5 7. cxd5 g6
8. Nc3 Bg7 9. g3 O-O 10. Bg2 d6 11. O-O Nbd7 12. Re1 b5 13. h3 Rb8
14. Bf4 Nb6 15. e4 Qd7 16. Bf1 Nh5 17. Bc1 b4 18. Bxa6 bxc3 19. bxc3 Qxh3
20. Bf1 Qg4 21. Kg2 Qd7 22. a4 Qc7 23. Be2 Rfe8 24. Nd2 Nf6 25. Bb5 Re7
26. Re2 h5 27. Rb1 Ng4 28. Nf3 Nd7 29. Bg5 Bf6 30. Bf4 Nge5 31. Nh2 c4
32. Bxd7 Nxd7 33. Rxb8 Qxb8 34. Nf3 Nc5 35. Nd2 Nd3 36. Nxc4 Ne1 37. Rxe1 1-0

[Event "Amber 2001 (Blind)"]
[Site "Monaco"]
[Date "2001.03.28"]
[Round "20"]
[White "Ivanchuk, Vassily"]
[Black "Piket, Jeroen"]
[Result "1/2-1/2"]
[WhiteElo "2717"]
[BlackElo "2632"]
[EventDate "2001.03.28"]

1. e4 e5 2. Nf3 Nf6 3. Nxe5 d6 4. Nf3 Nxe4 5. d4 d5 6. Bd3 Bd6 7. O-O O-O
8. c4 c6 9. Qc2 Na6 10. a3 Re8 11. Nc3 Bg4 12. Nxe4 dxe4 13. Bxe4 Bxf3
14. Bxf3 Qh4 15. g3 Qxd4 16. Be3 Qf6 17. Be4 g6 18. b4 Nc7 19. Rab1 Ne6
20. Rfd1 Be5 21. Rd7 Nd4 22. Bxd4 Bxd4 23. Rf1 Re7 1/2-1/2

[Event "Amber 2001 (Blind)"]
[Site "Monaco"]
[Date "2001.03.28"]
[Round "20"]
[White "Karpov, Anatoly"]
[Black "Van Wely, Loek"]
[Result "1/2-1/2"]
[WhiteElo "2679"]
[BlackElo "2700"]
[EventDate "2001.03.28"]

1. Nf3 d5 2. d4 Nf6 3. c4 e6 4. g3 dxc4 5. Bg2 a6 6. Ne5 c5 7. Na3 Qxd4
8. Qxd4 cxd4 9. Naxc4 Nbd7 10. O-O Nxe5 11. Nxe5 Bd6 12. Nc4 Bc7 13. Bf4 Bxf4
14. gxf4 Rb8 15. Rfd1 Ke7 16. Rxd4 Bd7 17. Nd6 Nd5 18. Bxd5 exd5 19. Rxd5 Be6
20. Rd4 Rhd8 21. Rad1 g6 22. a3 f5 23. f3 Rd7 24. e4 fxe4 25. fxe4 Rf8
26. e5 Rc7 27. R1d2 b5 28. Kg2 Rc1 29. Kg3 Rg1 30. Rg2 Rc1 31. Ne4 Rc4
32. Rgd2 h6 33. Rxc4 bxc4 34. Nc5 g5 35. fxg5 hxg5 36. Nxa6 c3 37. bxc3 Ra8
38. Nc7 Rxa3 39. Nxe6 Kxe6 40. Re2 Rxc3 41. Kg4 Rc8 42. Kxg5 Rg8 43. Kf4 Rf8
44. Kg4 Rg8 45. Kf3 Rg5 46. Kf4 Rf5 47. Kg4 Rf8 48. h4 Rg8 49. Kh3 Rh8
50. Re1 Kf5 51. e6 Re8 52. Rf1 Kg6 53. Rg1 Kf6 54. h5 Rxe6 1/2-1/2

[Event "Amber 2001 (Aktiv)"]
[Site "Monaco"]
[Date "2001.03.29"]
[Round "21"]
[White "Ljubojevic, Ljubomir"]
[Black "Topalov, Veselin"]
[Result "1/2-1/2"]
[WhiteElo "2566"]
[BlackElo "2718"]
[EventDate "2001.03.29"]

1. Nf3 d5 2. d4 Nf6 3. c4 e6 4. Nc3 Be7 5. Bg5 h6 6. Bh4 O-O 7. e3 b6
8. Rc1 Bb7 9. Be2 dxc4 10. O-O a6 11. Bxc4 Nbd7 12. a4 c5 13. Qe2 cxd4
14. exd4 Re8 15. Rfe1 Nf8 16. Rcd1 Ng6 17. Bg3 Bb4 18. Ne5 Nxe5 19. dxe5 Nd5
20. Nxd5 Bxd5 21. Bxd5 exd5 22. Rf1 Qd7 23. Qc2 d4 24. Qb3 Bc5 25. Rd3 b5
26. axb5 1/2-1/2

[Event "Amber 2001 (Aktiv)"]
[Site "Monaco"]
[Date "2001.03.29"]
[Round "21"]
[White "Anand, Viswanathan"]
[Black "Shirov, Alexei"]
[Result "1/2-1/2"]
[WhiteElo "2790"]
[BlackElo "2718"]
[EventDate "2001.03.29"]

1. e4 e6 2. d4 d5 3. Nc3 Nf6 4. Bg5 dxe4 5. Nxe4 Nbd7 6. Nf3 Be7 7. Nxf6 Bxf6
8. Bxf6 Qxf6 9. Qe2 O-O 10. Qe3 Rd8 11. Bd3 c5 12. dxc5 Qxb2 13. O-O Qf6
14. Rfd1 Qe7 15. Be4 Nf6 16. Ne5 Nxe4 17. Qxe4 Rd5 18. c6 Qd6 19. Rxd5 1/2-1/2

[Event "Amber 2001 (Aktiv)"]
[Site "Monaco"]
[Date "2001.03.29"]
[Round "21"]
[White "Karpov, Anatoly"]
[Black "Piket, Jeroen"]
[Result "1/2-1/2"]
[WhiteElo "2679"]
[BlackElo "2632"]
[EventDate "2001.03.29"]

1. d4 Nf6 2. c4 e6 3. Nf3 d5 4. Nc3 Nbd7 5. cxd5 exd5 6. Bg5 Be7 7. e3 c6
8. Bd3 O-O 9. Qc2 Re8 10. h3 Nf8 11. Bf4 Ng6 12. Bh2 Bd6 13. Bxd6 Qxd6
14. O-O Be6 15. Rfc1 Re7 16. Rab1 Rae8 17. b4 a6 18. a4 Bd7 19. b5 axb5
20. axb5 Ne4 21. bxc6 bxc6 22. Bxe4 dxe4 23. Nd2 f5 24. Ne2 h6 25. Nf1 Qf6 1/2-1/2

[Event "Amber 2001 (Blind)"]
[Site "Monaco"]
[Date "2001.03.29"]
[Round "22"]
[White "Topalov, Veselin"]
[Black "Ljubojevic, Ljubomir"]
[Result "1/2-1/2"]
[WhiteElo "2718"]
[BlackElo "2566"]
[EventDate "2001.03.29"]

1. d4 Nf6 2. c4 e6 3. Nf3 b6 4. g3 Ba6 5. Nbd2 Bb4 6. Qc2 Bb7 7. Bg2 Be4
8. Qb3 Bxd2 9. Bxd2 O-O 10. O-O d6 11. Rac1 Nbd7 12. Rfd1 Qe7 13. Qa3 a5
14. Bh3 h6 15. Ne5 Rfe8 16. Nxd7 Nxd7 17. f3 Bb7 18. e4 e5 19. Be3 exd4
20. Bxd4 Nc5 21. Re1 f6 22. Qc3 Qf7 23. b3 Re7 24. Bf5 h5 25. a3 a4
26. b4 Nb3 27. Bf2 Nxc1 28. Rxc1 Bc8 29. Bxc8 Rxc8 30. Qc2 Ra8 31. h3 Qe6
32. g4 hxg4 33. hxg4 Kf7 34. Kg2 Ree8 35. Rd1 Rh8 36. Bg3 Rhe8 37. Rd5 Red8
38. Rd1 Rh8 39. Rd5 Rhd8 40. Rd1 Re8 41. Rd5 Rh8 1/2-1/2

[Event "Amber 2001 (Blind)"]
[Site "Monaco"]
[Date "2001.03.29"]
[Round "22"]
[White "Piket, Jeroen"]
[Black "Karpov, Anatoly"]
[Result "1/2-1/2"]
[WhiteElo "2632"]
[BlackElo "2679"]
[EventDate "2001.03.29"]

1. d4 Nf6 2. c4 e6 3. Nc3 Bb4 4. Qc2 O-O 5. a3 Bxc3 6. Qxc3 b6 7. Bg5 Bb7
8. f3 h6 9. Bh4 d5 10. e3 Nbd7 11. cxd5 Nxd5 12. Bxd8 Nxc3 13. Bxc7 Nd5
14. Bd6 Nxe3 15. Kf2 Nc2 16. Rd1 Rfc8 17. Bb5 Nf6 18. Ne2 a6 19. Ba4 b5
20. Bb3 Bd5 21. Bxd5 Nxd5 22. Rd3 Rc6 23. Bc5 e5 24. Rc1 Nxd4 25. Bxd4 Rxc1
26. Nxc1 exd4 27. Rxd4 Nb6 28. Nd3 Rc8 29. Rd6 Nc4 30. Rxa6 Nxb2 31. Nxb2 Rc2 1/2-1/2

[Event "Amber 2001 (Blind)"]
[Site "Monaco"]
[Date "2001.03.29"]
[Round "22"]
[White "Van Wely, Loek"]
[Black "Gelfand, Boris"]
[Result "0-1"]
[WhiteElo "2700"]
[BlackElo "2712"]
[EventDate "2001.03.29"]

1. Nf3 Nf6 2. c4 b6 3. Nc3 Bb7 4. d4 e6 5. a3 d5 6. Bg5 Be7 7. Qa4 Qd7
8. Qxd7 Nbxd7 9. Nb5 Bd8 10. Bf4 dxc4 11. Nxc7 Bxc7 12. Bxc7 O-O 13. Rc1 Rfc8
14. Bf4 b5 15. Ne5 Nb6 16. f3 Na4 17. Rc2 Rd8 18. Be3 Nd5 19. Bd2 a5
20. e3 Rdc8 21. Be2 f6 22. Ng4 c3 23. bxc3 Ndxc3 24. Bxc3 Nxc3 25. Bd3 Nb1
26. Rxc8 Rxc8 27. Ke2 Nxa3 28. Ra1 b4 29. Nf2 Bd5 30. Ne4 Bxe4 31. Bxe4 Kf7
32. Bd3 Ke7 33. Kd2 h6 34. h4 Kd6 35. g4 e5 36. dxe5 fxe5 37. f4 Re8
38. Bg6 Rd8 39. Bd3 Kd5 40. Rc1 e4 41. Be2 b3 42. Kc3 Rc8 43. Kb2 Rxc1
44. Kxc1 Nc4 45. Bxc4 Kxc4 46. g5 hxg5 47. hxg5 a4 48. Kb2 Kb4 49. f5 a3
50. Kb1 Kc3 51. f6 a2 52. Ka1 Kc2 0-1

[Event "Amber 2001 (Blind)"]
[Site "Monaco"]
[Date "2001.03.29"]
[Round "22"]
[White "Almasi, Zoltan"]
[Black "Ivanchuk, Vassily"]
[Result "1-0"]
[WhiteElo "2640"]
[BlackElo "2717"]
[EventDate "2001.03.29"]

1. e4 e5 2. Nf3 Nf6 3. Nxe5 d6 4. Nf3 Nxe4 5. d4 d5 6. Bd3 Bf5 7. O-O Be7
8. Re1 Nc6 9. Nbd2 Nxd2 10. Qxd2 Bxd3 11. Qxd3 O-O 12. c3 Qd7 13. Bf4 a6
14. Re2 Rae8 15. Rae1 Bd8 16. h3 Rxe2 17. Qxe2 f6 18. Nd2 Rf7 19. Qe8 Qxe8
20. Rxe8 Rf8 21. Re2 Kf7 22. Nb3 b6 23. Nc1 Re8 24. Kf1 Rxe2 25. Kxe2 Ne7
26. Nd3 a5 27. a4 Ke6 28. g4 Kd7 29. Bg3 c6 30. b4 axb4 31. cxb4 Nc8
32. h4 g6 33. f3 Ke8 34. Bb8 Kd7 35. Bg3 Ke8 36. Bb8 Kd7 37. Kf2 Nd6
38. Bxd6 Kxd6 39. f4 Bc7 40. Kf3 Ke6 41. Ke3 Ke7 42. Kf2 Ke6 43. Kf3 Ke7
44. g5 Ke6 45. gxf6 Kxf6 46. Ne5 Kf5 47. Nxc6 Bxf4 48. Ne7 Ke6 49. Kxf4 Kxe7
50. Kg5 1-0